000 00985nam a22003137a 4500
001 000676
003 DO-SdBPM
005 20250902111459.0
007 ta
008 161110b2011 mx a |||| 00| 0 spa d
020 _a9789702910480
040 _aDO-SdBPM
_bspa
_cBPMSU
_erda
082 4 _aM863.6
_bC263p 2011
_222
100 1 _aCarballido, Emilio
_d1925-2008
_eautor
245 1 3 _aEl pizarrón encantado /
_cEmilio Carballido ; ilustraciones de Iker Vicente.
250 _a
264 _aMaéxico :
_bAlfaguara,
_c2011.
300 _a57 páginas :
_bilustración ;
_c19 cm.
336 _atexto
_btxt
_2rdacontent
337 _asin mediación
_2n
_brdamedia
338 _avolumen
_bnc
_2rdacarrier
490 0 _aInfantil Alfaguara
590 _aInventariado, 2025/VM
650 7 _aCuentos infantiles mexicanos
650 7 _aLibros ilustrados para niños
700 1 _aVicente, Iker,
_eilustrado
910 _aVMateo V. Control de calidad. BPMSU
942 _2ddc
_cBK
999 _c11886
_d11886